[Event "Oberfranken-ch"]
[Site "Kronach"]
[Date "2023.02.24"]
[Round "4"]
[White "Geisensetter, Franz"]
[Black "Brunsch, Michael"]
[Result "1/2-1/2"]
[WhiteElo "1972"]
[BlackElo "1947"]
[PlyCount "79"]
[EventDate "2023.02.23"]
[EventType "swiss"]
[EventRounds "7"]
[EventCountry "GER"]
[SourceTitle "CBM 213 Extra"]
[Source "ChessBase"]
[SourceDate "2023.05.31"]
[SourceVersion "1"]
[SourceVersionDate "2023.05.31"]
[SourceQuality "1"]

1. e4 c5 2. Nf3 d6 3. Bc4 Nf6 4. c3 e6 5. Qe2 Nc6 6. d3 a6 7. a4 Be7 8. 0-0 0-0 9. Na3 b6 10. Bg5 Bb7 11. Nc2 Qc7 12. Ne3 Rfe8 13. Qd2 Rad8 14. Bb3 Nd7 15. Bxe7 Nxe7 16. Bc2 Ne5 17. Nxe5 dxe5 18. Qe2 Ng6 19. g3 Rf8 20. Rad1 f5 21. Bb3 Qc6 22. f3 f4 23. Ng2 Rd6 24. Rd2 a5 25. Rfd1 Ba6 26. Qf2 Rfd8 27. Bc2 Qd7 28. Ne1 h6 29. b3 fxg3 30. hxg3 Ne7 31. Qe3 Nc6 32. f4 exf4 33. gxf4 e5 34. f5 Kh7 35. Qh3 g6 36. Rg2 Bc8 37. fxg6+ Rxg6 38. Qxd7+ Bxd7 39. Rxg6 Kxg6 40. Rd2 1/2-1/2

[Event "Oberfranken-ch"]
[Site "Kronach"]
[Date "2023.02.23"]
[Round "1"]
[White "Brunsch, Michael"]
[Black "Wolf, Alfred1111"]
[Result "1-0"]
[WhiteElo "1947"]
[BlackElo "1580"]
[PlyCount "67"]
[EventDate "2023.02.23"]
[EventType "swiss"]
[EventRounds "7"]
[EventCountry "GER"]
[SourceTitle "CBM 213 Extra"]
[Source "ChessBase"]
[SourceDate "2023.05.31"]
[SourceVersion "1"]
[SourceVersionDate "2023.05.31"]
[SourceQuality "1"]

1. e4 e5 2. d4 exd4 3. Qxd4 c5 4. Qe3 Nc6 5. Bd2 d6 6. Nc3 Nf6 7. 0-0-0 Be7 8. h4 Be6 9. f3 a6 10. g4 Qc7 11. Nh3 b5 12. Nf4 Ne5 13. g5 Nfd7 14. Ncd5 Qd8 15. Bc3 0-0 16. Nxe6 fxe6 17. Nf4 Qb6 18. Bh3 b4 19. Bxe6+ Kh8 20. Bxe5 Nxe5 21. Nd5 Qa7 22. f4 Nc6 23. Nxe7 Qxe7 24. Bd5 Rac8 25. Bxc6 Rxc6 26. Rd5 g6 27. h5 gxh5 28. Rxh5 Qf7 29. Rh4 Rc7 30. f5 Re7 31. Qf4 Rfe8 32. g6 Qf6 33. Rxd6 Qxh4 34. Qxh4 1-0

[Event "Oberfranken-ch"]
[Site "Schney"]
[Date "2020.01.04"]
[Round "4"]
[White "Kunte, Thomas"]
[Black "Brunsch, Michael"]
[Result "1-0"]
[WhiteElo "1884"]
[BlackElo "1970"]
[PlyCount "31"]
[EventDate "2020.01.03"]
[EventType "swiss"]
[EventRounds "7"]
[EventCountry "GER"]
[SourceTitle "CBM 194 Extra"]
[Source "ChessBase"]
[SourceDate "2020.03.31"]
[SourceVersion "1"]
[SourceVersionDate "2020.03.31"]
[SourceQuality "1"]

1. e4 c5 2. Nf3 Nc6 3. d4 cxd4 4. Nxd4 Nf6 5. Nc3 e5 6. Ndb5 d6 7. Bg5 a6 8. Na3 b5 9. Bxf6 gxf6 10. Nd5 f5 11. Bd3 Be6 12. c4 bxc4 13. Nxc4 Nd4 14. Ncb6 Bxd5 15. Nxd5 Qa5+ 16. b4 1-0

[Event "Oberfranken-ch"]
[Site "Schney"]
[Date "2019.01.03"]
[Round "1"]
[White "Brunsch, Michael"]
[Black "Horn, Alexander"]
[Result "1/2-1/2"]
[WhiteElo "1947"]
[BlackElo "1823"]
[PlyCount "50"]
[EventDate "2019.01.03"]
[EventType "swiss"]
[EventRounds "7"]
[EventCountry "GER"]
[SourceTitle "CBM 188 Extra"]
[Source "ChessBase"]
[SourceDate "2019.02.26"]
[SourceVersion "1"]
[SourceVersionDate "2019.02.26"]
[SourceQuality "1"]

1. c4 e5 2. g3 Nf6 3. Nc3 Be7 4. Bg2 c6 5. d4 d6 6. e4 Nbd7 7. Nge2 Qb6 8. 0-0 0-0 9. b3 Rd8 10. h3 Nf8 11. Be3 Qc7 12. Rc1 Qd7 13. d5 Ng6 14. Qd3 c5 15. Bd2 Rf8 16. f4 exf4 17. Nxf4 Ne5 18. Qe2 Qd8 19. Nd3 Nfd7 20. Bf4 Bf6 21. Kh2 a6 22. Nd1 Nxd3 23. Qxd3 Ne5 24. Bxe5 Bxe5 25. Ne3 Qg5 1/2-1/2

[Event "Oberfranken-ch"]
[Site "Schney"]
[Date "2018.01.06"]
[Round "7.7"]
[White "Rein, Iwan"]
[Black "Brunsch, Michael"]
[Result "1/2-1/2"]
[WhiteElo "2090"]
[BlackElo "1947"]
[PlyCount "55"]
[EventDate "2018.01.03"]
[EventType "swiss"]
[EventRounds "7"]
[EventCountry "GER"]
[SourceTitle "EXT 2022"]
[Source "ChessBase"]
[SourceDate "2021.10.06"]
[SourceVersion "1"]
[SourceVersionDate "2021.10.06"]
[SourceQuality "1"]

1. d4 Nf6 2. Bf4 g6 3. Nf3 Bg7 4. e3 0-0 5. Bd3 d5 6. 0-0 b6 7. Nbd2 Bb7 8. c4 Nbd7 9. Rc1 c5 10. h3 Ne4 11. cxd5 Nxd2 12. Qxd2 Bxd5 13. e4 Bxa2 14. b4 c4 15. Bxc4 Bxc4 16. Rxc4 Nf6 17. Qe3 Qd7 18. Rfc1 Qb5 19. Ne5 Rfe8 20. Rc7 Qxb4 21. Nc6 Qb2 22. Nxe7+ Kh8 23. d5 Nh5 24. d6 Bd4 25. Qf3 Qxf2+ 26. Qxf2 Bxf2+ 27. Kxf2 Nxf4 28. Ra1 1/2-1/2

[Event "Oberfranken-ch"]
[Site "Schney"]
[Date "2018.01.05"]
[Round "6"]
[White "Brunsch, Michael"]
[Black "Leuchsenring, Christina"]
[Result "1/2-1/2"]
[WhiteElo "1947"]
[BlackElo "1950"]
[PlyCount "87"]
[EventDate "2018.01.03"]
[EventType "swiss"]
[EventRounds "7"]
[EventCountry "GER"]
[SourceTitle "CBM 182 Extra"]
[Source "ChessBase"]
[SourceDate "2018.02.23"]
[SourceVersion "1"]
[SourceVersionDate "2018.02.23"]
[SourceQuality "1"]

1. Nf3 c5 2. c4 Nf6 3. Nc3 Nc6 4. g3 d6 5. Bg2 e5 6. d3 Be7 7. 0-0 0-0 8. a3 h6 9. Ne1 Nh7 10. Nc2 Ng5 11. Ne3 Bh3 12. Ned5 Bxg2 13. Kxg2 Ne6 14. e3 Qd7 15. f4 exf4 16. gxf4 f5 17. Kh1 Kh7 18. Bd2 Qe8 19. Rg1 Rg8 20. Qf3 Qf7 21. Raf1 Raf8 22. Nxe7 Qxe7 23. Nd5 Qf7 24. Bc3 Ne7 25. Rg2 Nxd5 26. Qxd5 Qe7 27. Rg3 b6 28. Rfg1 g6 29. Qg2 Qf7 30. h4 h5 31. Kh2 Re8 32. Kh3 Ref8 33. b4 Re8 34. b5 Rd8 35. a4 Nc7 36. Qe2 Ne8 37. e4 Qe6 38. e5 Nf6 39. d4 cxd4 40. Bxd4 Ne4 41. R3g2 dxe5 42. Bxe5 Rd2 43. Qxd2 Nxd2 44. Rxd2 1/2-1/2

[Event "Oberfranken-ch"]
[Site "Schney"]
[Date "2017.01.06"]
[Round "7"]
[White "Brunsch, Michael"]
[Black "Horn, Alexander"]
[Result "1-0"]
[WhiteElo "1969"]
[BlackElo "1485"]
[PlyCount "73"]
[EventDate "2017.01.03"]
[EventType "swiss"]
[EventRounds "7"]
[EventCountry "GER"]
[SourceTitle "CBM 176 Extra"]
[Source "ChessBase"]
[SourceDate "2017.03.02"]
[SourceVersion "1"]
[SourceVersionDate "2017.03.02"]
[SourceQuality "1"]

1. e4 e5 2. Nf3 Nc6 3. Bc4 Bc5 4. b4 Bxb4 5. c3 Be7 6. d4 d6 7. 0-0 Nf6 8. dxe5 Nxe5 9. Nxe5 dxe5 10. Qb3 0-0 11. Rd1 Bd6 12. Bg5 h6 13. Bh4 g5 14. Bg3 Qe7 15. Nd2 b6 16. Nf1 Nxe4 17. Bd5 Nc5 18. Qc2 Be6 19. Bxa8 Rxa8 20. Qe2 f5 21. Bxe5 Bf7 22. Qf3 Rd8 23. Bxd6 Rxd6 24. Rxd6 Qxd6 25. Qxf5 Kg7 26. Ng3 Ne6 27. Ne4 Qd8 28. Qe5+ Kh7 29. Re1 Ng7 30. f4 gxf4 31. Qxf4 Kg6 32. Rf1 Be6 33. Qg3+ Kh7 34. Nf6+ Kh8 35. Qg6 Qxf6 36. Rxf6 Bxa2 37. Rf8+ 1-0

[Event "Wunsiedel op 10th"]
[Site "Wunsiedel"]
[Date "2016.05.05"]
[Round "1"]
[White "Meister, Jakob"]
[Black "Brunsch, Michael"]
[Result "1-0"]
[WhiteElo "2456"]
[BlackElo "2072"]
[PlyCount "77"]
[EventDate "2016.05.05"]
[EventType "swiss"]
[EventRounds "7"]
[EventCountry "GER"]
[SourceTitle "CBM 172 Extra"]
[Source "ChessBase"]
[SourceDate "2016.06.21"]
[SourceVersion "1"]
[SourceVersionDate "2016.06.21"]
[SourceQuality "1"]

1. c4 c5 2. Nc3 Nc6 3. Nf3 g6 4. e3 Nf6 5. d4 cxd4 6. exd4 d5 7. cxd5 Nxd5 8. Qb3 Nxc3 9. Bc4 e6 10. bxc3 Bg7 11. Ba3 Na5 12. Qa4+ Bd7 13. Bb5 Nc6 14. Qb3 a6 15. Be2 Na5 16. Qb2 Rc8 17. Bc5 b5 18. a4 Nb7 19. Ba3 Qc7 20. axb5 axb5 21. 0-0 Qxc3 22. Qb1 Qc2 23. Bxb5 Qxb1 24. Rfxb1 Bxb5 25. Rxb5 Nd8 26. Bc5 Kd7 27. Rd1 f6 28. g4 g5 29. d5 e5 30. Nd2 Rc7 31. Ne4 Rb7 32. Ra5 h5 33. Ra6 Rh6 34. gxh5 Rxh5 35. Rxf6 Rh4 36. Rg6 Bh6 37. Nf6+ Kc8 38. Bd6 Nf7 39. Rg8+ 1-0

[Event "Oberfranken-ch"]
[Site "Schney"]
[Date "2016.01.05"]
[Round "6"]
[White "Rein, Iwan"]
[Black "Brunsch, Michael"]
[Result "1/2-1/2"]
[WhiteElo "2096"]
[BlackElo "2076"]
[PlyCount "86"]
[EventDate "2016.01.03"]
[EventType "swiss"]
[EventRounds "7"]
[EventCountry "GER"]
[SourceTitle "CBM 170 Extra"]
[Source "ChessBase"]
[SourceDate "2016.02.25"]
[SourceVersion "1"]
[SourceVersionDate "2016.02.25"]
[SourceQuality "1"]

1. d4 Nf6 2. Nf3 g6 3. c4 Bg7 4. Nc3 d5 5. Bf4 0-0 6. e3 c5 7. Be2 Nc6 8. 0-0 cxd4 9. exd4 dxc4 10. d5 Na5 11. Ne5 a6 12. Bf3 Nd7 13. Ng4 Nc5 14. Bh6 Bxg4 15. Bxg7 Bxf3 16. Qd4 Ne6 17. dxe6 Qxd4 18. Bxd4 Nc6 19. Bb6 Bg4 20. exf7+ Kxf7 21. f3 Bf5 22. Rad1 h5 23. Rfe1 Rac8 24. a3 Rfe8 25. Ne4 Bxe4 26. Rxe4 Nb8 27. Rf4+ Kg8 28. Rd5 Rc6 29. Bd4 b5 30. g4 hxg4 31. fxg4 Re6 32. h4 Nc6 33. Bc3 Rf8 34. Rxf8+ Kxf8 35. Kf2 Rd6 36. Rg5 Kf7 37. h5 e5 38. Ke3 a5 39. hxg6+ Rxg6 40. Rxg6 Kxg6 41. Ke4 b4 42. axb4 axb4 43. Bd2 c3 1/2-1/2

[Event "Regionalliga NW 1516"]
[Site "Bayern"]
[Date "2015.10.25"]
[Round "2.2"]
[White "Lang, Stefan1111"]
[Black "Brunsch, Michael"]
[Result "1-0"]
[WhiteElo "2118"]
[BlackElo "1891"]
[PlyCount "85"]
[EventDate "2015.10.11"]
[EventType "team-tourn"]
[EventRounds "9"]
[EventCountry "GER"]
[SourceTitle "EXT 2018"]
[Source "ChessBase"]
[SourceDate "2017.10.13"]
[SourceVersion "1"]
[SourceVersionDate "2017.10.13"]
[SourceQuality "1"]
[WhiteTeam "Bad Neustadt"]
[BlackTeam "Hoechstadt/Aisch"]
[WhiteTeamCountry "GER"]
[BlackTeamCountry "GER"]

1. d4 Nf6 2. Nf3 g6 3. c4 Bg7 4. Nc3 d5 5. cxd5 Nxd5 6. Bg5 0-0 7. Rc1 Nxc3 8. bxc3 c5 9. e3 Bg4 10. Be2 Nc6 11. h3 Be6 12. Qd2 f6 13. Bh4 Bf7 14. Qb2 Na5 15. 0-0 Rc8 16. Rfd1 c4 17. Bg3 Qd7 18. Rb1 b6 19. Qa3 Bd5 20. Nd2 f5 21. Bf4 h6 22. Bh2 Kh7 23. f3 Qe6 24. Nf1 Bf6 25. Bg3 Rg8 26. Re1 Qf7 27. Bd1 e6 28. Bc2 Rce8 29. Ba4 Rd8 30. Rbd1 g5 31. Bc2 Kh8 32. e4 fxe4 33. fxe4 Bb7 34. Ne3 Rgf8 35. Ng4 Bg7 36. Bd6 Rfe8 37. Rf1 Qd7 38. Be5 Qe7 39. Qxe7 Rxe7 40. Bf6 Bxf6 41. Rxf6 h5 42. Ne5 Bc8 43. Rh6+ 1-0